<?xml version="1.0" encoding="UTF-8"?>
<collection xmlns="http://www.loc.gov/MARC21/slim">
  <record>
    <leader>00000nam  2200000   4500</leader>
    <controlfield tag="001">INLIS000000000015741</controlfield>
    <controlfield tag="005">20230830114423</controlfield>
    <datafield tag="035" ind1="#" ind2="#">
      <subfield code="a">0010-0823000067</subfield>
    </datafield>
    <controlfield tag="007">ta</controlfield>
    <controlfield tag="008">230830################|##########|#|##</controlfield>
    <datafield tag="084" ind1="#" ind2="#">
      <subfield code="a">R 185 PIM II 2022</subfield>
    </datafield>
    <datafield tag="100" ind1=" " ind2="#">
      <subfield code="a">Asih Liza Restanti</subfield>
    </datafield>
    <datafield tag="245" ind1="1" ind2="#">
      <subfield code="a">Peningkatan Indeks Kesadaran Masyarakat (IKM ) Terhadap Badan POM Melalui Pemberdayaan Duta Kosmetik Dan Jamu Aman /</subfield>
      <subfield code="c">Asih Liza Restanti</subfield>
    </datafield>
    <datafield tag="250" ind1="#" ind2="#">
      <subfield code="a">1</subfield>
    </datafield>
    <datafield tag="260" ind1="#" ind2="#">
      <subfield code="a">Jakarta :</subfield>
      <subfield code="b">Pusbangkom Pimnas dan Manajerial ASN,</subfield>
      <subfield code="c">2022</subfield>
    </datafield>
    <datafield tag="300" ind1="#" ind2="#">
      <subfield code="a">127 Halaman :</subfield>
      <subfield code="b">ilus ;</subfield>
      <subfield code="c">30 cm</subfield>
    </datafield>
    <datafield tag="650" ind1="#" ind2="4">
      <subfield code="a">kosmetik</subfield>
    </datafield>
    <datafield tag="856" ind1="#" ind2="#">
      <subfield code="a">Perpustakaan LAN Pusat</subfield>
    </datafield>
    <datafield tag="520" ind1="#" ind2="#">
      <subfield code="a">Hasil survey Indeks Kesadaran Masyarakat (IKM) yang dilakukan oleh Badan POM Tahun 2021 terhadap komiditi obat tradisional adalah 75,51%, suplemen kesehatan 76.30% dan kosmetik 76.88%. Dalam rangka meningkatkan kesadaran masyarakat tentang keamanan dan manfaat obat tradisional/jamu dan kosmetika untuk mewujudkan SDM unggul perlu dibangun influencer dari kalangan generasi muda terutama pelajar dan mahasiswa agar komunikasi, informasi dan edukasi dapat dikembangkan secara digital. Kegiatan pembentukan Duta Kosmetika Aman dan Duta Jamu Aman pada program Badan POM Goes To School atau disingkat BGoS dan Badan POM Goes to Campus atau disingkat BGoCamp merupakan pelajar dan mahasiswa melalui bimbingan teknis untuk menjadi Duta Badan POM agar mampu komunikasi, informasi dan edukasi (KIE) tentang keamanan dan manfaat obat tradisional/jamu dan kosmetika kepada komunitas/ masyarakat.</subfield>
    </datafield>
    <datafield tag="990" ind1="#" ind2="#">
      <subfield code="a">00000018584</subfield>
    </datafield>
  </record>
</collection>
